Selected Poems

ग्रंथसूची विवरण
मुख्य लेखक: Burns R. Robert
भाषा:अंग्रेज़ी
प्रकाशित: Penguin Books, 1996
श्रृंखला:Penguin Popular Classics
विषय:
स्वरूप: पुस्तक
KOHA link:https://koha.lib.tpu.ru/cgi-bin/koha/opac-detail.pl?biblionumber=22878

MARC

LEADER 00000nam0a2200000 4500
001 22878
005 20231030194932.0
010 |a 0140622004 
035 |a (RuTPU)RU\TPU\book\23092 
035 |a BOOK00000856 
090 |a 22878 
100 |a 20011209d1996 m y0engy50 ba 
101 0 |a eng 
102 |a GB 
105 |a y j 000zy 
200 1 |a Selected Poems  |f R. Burns 
210 |c Penguin Books  |d 1996 
215 |a 283 p. 
225 1 |a Penguin Popular Classics 
610 1 |a английский язык 
610 1 |a учебные пособия 
610 1 |a хрестоматии 
610 1 |a книги для чтения 
610 1 |a шотландская литература 
610 1 |a поэзия 
610 1 |a стихи 
686 |a Ш143.21-923.8  |v LBC/SL-A  |2 rubbk 
700 1 |a Burns  |b R.  |g Robert 
801 0 |a RU  |b 63413507  |c 20011209  |g PSBO 
801 2 |a RU  |b 63413507  |c 20110512  |g PSBO 
942 |c BK